Squid Game Quiz - Statistics

General Stats
  • This quiz has been taken 256 times
  • The average score is 6 of 10
Answer Stats
Hint Answer % Correct
Main Character Gi Hun
96%
Graduated top of hisClass in SNU Sang Woo
86%
The Mastermind behindSquid Game Il Nam
74%
The "Gangster" Deok Su
68%
Front Man's Brother Jun Ho
67%
The Front Man of Squid Game In Ho
65%
Got Slit in the neck Sae Byeok
50%
Died with 101 Mi Nyeo
45%
067 Marbles partner Ji Yeong
44%
Betrayed by 218 in marbles Abdul Ali
34%
No matching quizzes found
Score Distribution
Percent of People with Each Score
Percentile by Number Answered
Your Score History
You have not taken this quiz